Macromedia flash mx complete course

Bibliographic Details
Main Author: Sanders, William B.
Format: Book
Published: Indianapolis : Wiley publishing inc , 2003
Subjects:

MARC

LEADER 00000cam a2200000 7i4500
001 0000013770
005 20050617.0
020 |a 0764536850 
040 |a INS 
090 0 0 |a TR8977   |b S3652 2003 
100 1 |a Sanders, William B. 
245 1 0 |a Macromedia flash mx complete course   |c William B. Sanders 
260 |a Indianapolis :   |b Wiley publishing inc ,   |c 2003 
300 |a iv :   |b 410p ;   |c 23cm. 
650 0 0 |a Computer animation 
650 0 0 |a Flash (computer file) 
650 0 0 |a Web sites   |x Design 
999 |a 0000010934   |b BOOK   |c Open Shelf   |e Default branch